| Tag |
First Indicator |
Second Indicator |
Subfields |
| LEADER |
00000cam a22000001 4500 |
| 001 |
in00000073360 |
| 005 |
20151008052529.0 |
| 008 |
720420s1965 nyu b 00000 eng |
| 010 |
|
|
|a 65015927
|
| 035 |
|
|
|a (OCoLC)00175380
|
| 035 |
|
|
|9 AAH3757AM
|
| 040 |
|
|
|a DLC
|c DLC
|d TXA
|d UtOrBLW
|
| 049 |
|
|
|a TXAM
|c [450848]
|
| 050 |
0 |
0 |
|a LA198
|b .B3
|
| 082 |
1 |
|
|a 378.73
|
| 092 |
|
|
|a 378.73
|b B315h 1965
|
| 100 |
1 |
|
|a Baskin, Samuel,
|d 1921-
|
| 245 |
1 |
0 |
|a Higher education: some newer developments.
|
| 264 |
|
1 |
|a New York :
|b McGraw-Hill,
|c [1965]
|
| 300 |
|
|
|a x, 342 pages ;
|c 21 cm.
|
| 336 |
|
|
|a text
|b txt
|2 rdacontent
|
| 337 |
|
|
|a unmediated
|b n
|2 rdamedia
|
| 338 |
|
|
|a volume
|b nc
|2 rdacarrier
|
| 500 |
|
|
|a "Sponsored by the Association for Higher Education."
|
| 504 |
|
|
|a Includes bibliographies.
|
| 650 |
|
0 |
|a Education, Higher.
|
| 650 |
|
0 |
|a Universities and colleges
|z United States.
|
| 710 |
2 |
|
|a Association for Higher Education.
|
| 999 |
|
|
|a MARS
|
| 999 |
f |
f |
|s ecfeeefb-5b52-3c24-b9e4-dfe2593caf95
|i c499af54-dc8b-3b92-99a5-95a8ace9c91c
|t 0
|
| 952 |
f |
f |
|p normal
|a Texas A&M University
|b College Station
|c Sterling C. Evans Library
|d Evans: Library Stacks
|t 0
|e LA198 .B3
|h Library of Congress classification
|i unmediated -- volume
|m A14800865253
|
| 998 |
f |
f |
|a LA198 .B3
|t 0
|l Evans: Library Stacks
|